Statistiques concernant [SPA] Verbos irregulares 3

Cliquez ici pour prendre le quiz!

Statistiques générales

  • Ce quiz a été pris 20 fois
    (10 depuis la dernière actualisation)
  • Le résultat moyen est 35 sur 56

Statistiques - réponses

Réponse% Correct
Da
89%
Dàis
89%
Damos
89%
Dan
89%
Dar
89%
Das
89%
Pensàis
89%
Pensamos
89%
Pensar
89%
Piensa
89%
Piensan
89%
Piensas
89%
Pienso
89%
Vengo
89%
Venir
89%
Viene
89%
Vienen
89%
Vienes
89%
Doy
78%
Perder
78%
Pierde
78%
Pierdes
78%
Pierdo
78%
Venìs
78%
Exige
67%
Exigen
67%
Exiges
67%
Exigimos
67%
Exigir
67%
Exigìs
67%
Exijo
67%
Pierdéis
67%
Pierdemos
67%
Pierden
67%
Venimos
67%
Volvéis
67%
Volvemos
67%
Volven
67%
Volver
67%
Vuelve
67%
Vuelves
67%
Vuelvo
67%
Divertirse
22%
Me divierto
22%
Nos divertimos
22%
Os divertìs
22%
Se divierte
22%
Te diviertes
22%
Recontàis
11%
Recontamos
11%
Recontar
11%
Recuenta
11%
Recuentan
11%
Recuentas
11%
Recuento
11%
Se diviertan
11%

Distribution des résultats

Percentile par nombre de réponses

% des personnes avec chaque résultat

Votre développement - résultats

Vous n’avez pas pris ce quiz depuis la dernière actualisation